header

Introduction to pSeries provisioning (Record no. 210165)

MARC details
000 -LEADER
fixed length control field 01498nam a2200385Ia 4500
082 04 - DEWEY DECIMAL CLASSIFICATION NUMBER
Classification number 004/.068
245 00 - TITLE STATEMENT
Title Introduction to pSeries provisioning
250 ## - EDITION STATEMENT
Edition statement 1st ed.
260 ## - PUBLICATION, DISTRIBUTION, ETC. (IMPRINT)
Place of publication Austin, TX :
Name of publisher IBM, International Technical Support Organization,
Year of publication c2004.
300 ## - PHYSICAL DESCRIPTION
Number of Pages xviii, 192 p. :
Other physical details ill.
490 1# - SERIES STATEMENT
Series statement IBM redbooks
500 ## - GENERAL NOTE
General note "November 2004."
General note "SG24-6389-00."
650 #0 - SUBJECT ADDED ENTRY--TOPICAL TERM
Topical Term Electronic data processing
700 1# - ADDED ENTRY--PERSONAL NAME
Personal name Quintero, Dino.
856 40 - ELECTRONIC LOCATION AND ACCESS
Uniform Resource Identifier http://site.ebrary.com/lib/rucke/Doc?id=10112491

No items available.

© 2026 Rongo University
Contact us: librarian | system librarian | Rongo university